000 00936nam a2200265Ia 4500
003 OSt
005 20220927115013.0
006 a|||||r|||| 00| 0
007 ta
008 220926b |||||||| |||| 00| 0 eng d
024 _a64369
037 _cThesis and Dissertations
040 _aRTL
_cRTL
_beng
041 _2eng
_aeng
082 _a"X 6: :2: N9, N2"
100 _aDuggal Sangeeta
_9389878
110 _aUniverstiy of Delhi. Faculty of Management. Deptt of commerce and business (delhi India)
_9389879
245 0 _aCredit rating in India
_b An emerging financial serv
260 _aDelhi
_bUniversity of Delhi Inida
_c1992
300 _a101p. Bibliography P 98-101
_ccm.
650 _aIndia
700 _aUniverstiy of Delhi. Faculty of Management. Deptt of commerce and business (delhi India)
_9389880
942 _h"X 6: :2: N9, N2"
_cCC
999 _c705338
_d705338